Spirit leveling in Connecticut, 1922-35, (Record no. 27324)

MARC details
000 -LEADER
fixed length control field 00785cam a22002411 4500
001 - CONTROL NUMBER
control field gs 37000027
003 - CONTROL NUMBER IDENTIFIER
control field DLC
005 - DATE AND TIME OF LATEST TRANSACTION
control field 20260227111341.0
008 - FIXED-LENGTH DATA ELEMENTS--GENERAL INFORMATION
fixed length control field 791203s1937 dcuabf f001 0 eng
010 ## - LIBRARY OF CONGRESS CONTROL NUMBER
LC control number gs 37000027
035 ## - SYSTEM CONTROL NUMBER
System control number (OCoLC)5754438
040 ## - CATALOGING SOURCE
Original cataloging agency DLC
Transcribing agency Me
Modifying agency DLC
043 ## - GEOGRAPHIC AREA CODE
Geographic area code n-us-ct
050 00 - LIBRARY OF CONGRESS CALL NUMBER
Classification number QE75
Item number .B9 no. 881
100 1# - MAIN ENTRY--PERSONAL NAME
Personal name Staack, J. G.
Fuller form of name (John George),
Dates associated with a name 1878-
245 10 - TITLE STATEMENT
Title Spirit leveling in Connecticut, 1922-35,
Statement of responsibility, etc. [by] J. G. Staack.
260 ## - PUBLICATION, DISTRIBUTION, ETC.
Place of publication, distribution, etc. Washington,
Name of publisher, distributor, etc. U.S. Govt. print. off.,
Date of publication, distribution, etc. 1937.
300 ## - PHYSICAL DESCRIPTION
Extent 1 p. l., 65 p., 1 l.
Other physical details incl. map, tables, pl.
Dimensions 23 cm.
490 0# - SERIES STATEMENT
Series statement U.S. Geological Survey. Bulletin 881
500 ## - GENERAL NOTE
General note At head of title: United States Department of the interior.
500 ## - GENERAL NOTE
General note Includes index.
651 #0 - SUBJECT ADDED ENTRY--GEOGRAPHIC NAME
Geographic name Connecticut
General subdivision Altitudes.

No items available.

Powered by Koha